| 000 | 00431pam a2200169 a 4500 | ||
|---|---|---|---|
| 020 | _a0673166856 (pbk.) | ||
| 040 | _cDLC | ||
| 082 | 0 | 0 | _a338 SCO 1987 A011 Or. |
| 100 | 1 | _aByrns, Ralph T. | |
| 245 | 1 | 0 | _aMicroeconomics / |
| 250 | _a3rd ed. | ||
| 260 |
_aGlenview, Ill. : _bScott, Foresman, _cc1987. |
||
| 300 |
_axxxi, 474 p. : _bcol. ill. ; _c26 cm. |
||
| 650 | 0 | _aMicroeconomics. | |
| 700 | 1 | _aStone, Gerald W. | |
| 942 | _cEK | ||
| 999 |
_c13667 _d13667 |
||